| 000 | 01540cam a2200325 a 4500 | ||
|---|---|---|---|
| 001 | 14463286 | ||
| 005 | 20070514115349.0 | ||
| 008 | 060721s2007 enka b 001 0 eng | ||
| 010 | _a2006024118 | ||
| 020 | _a0826491219 (pbk.) | ||
| 020 | _a9780826491213 (pbk.) | ||
| 035 | _a(OCoLC)ocm70698930 | ||
| 035 | _a(OCoLC)70698930 | ||
| 040 |
_aDLC _cDLC _dBAKER _dYDXCP _dC#P _dDLC |
||
| 050 | 0 | 0 |
_aLB1025.3 _b.T83 2007 |
| 082 | 0 | 0 |
_a371.1 _222 _bTUR |
| 100 | 1 |
_aTurnbull, Jacquie. _94950 |
|
| 245 | 1 | 0 |
_a9 Habits of Highly Effective Teachers : _bA Practical Guide to Empowerment / _cJacquie Turnbull. |
| 246 | 3 | _aNine habits of highly effective teachers | |
| 260 |
_aLondon ; _aNew York : _bContinuum, _cc2007. |
||
| 300 |
_aviii, 209 p. : _bill. ; _c22 cm. |
||
| 504 | _aIncludes bibliographical references (p. [195]-199) and index. | ||
| 650 | 0 |
_aEffective teaching. _94951 |
|
| 650 | 0 |
_aEducational leadership. _94952 |
|
| 856 | 4 | 1 |
_3Table of contents only _uhttp://www.loc.gov/catdir/toc/ecip0617/2006024118.html |
| 942 |
_2ddc _cBB |
||
| 999 |
_c11577 _d11577 |
||